Lateinische Wörter - Statistiken

Allgemein
  • Dieses Quiz wurde 34 mal gespielt
  • Das Durchschnittsergebnis liegt bei 5 aus 15
Antwortstatistiken
Latein Deutsch % Korrekt
Villa Haus
97%
elephantus Elefant
80%
semper immer
73%
vitare leben
70%
pons Brücke
53%
caelum Himmel
43%
paupertas Armut
33%
sapientia Weisheit
30%
vehementer heftig
20%
quemadmodum Wie
20%
saxum Fels | Stein
10%
agmen Heer | Heereszug | Schar
3%
puer Sohn
3%
exululere aufheulen
0%
peregrinus Ausländer | ausländisch
0%
Keine übereinstimmenden Quizze gefunden
Verteilung der Resultate
Anzahl Personen mit jedem Resultat
Perzentil nach korrekt beantworteten Fragen
Ihre Resultats-Entwicklung
Sie haben dieses Quiz noch nicht gespielt